| 000 | 00485nam a22002057a 4500 | ||
|---|---|---|---|
| 003 | OSt | ||
| 005 | 20180116183000.0 | ||
| 008 | 140924b xxu||||| |||| 00| 0 eng d | ||
| 040 | _c0 | ||
| 050 | _a954.91046 | ||
| 082 | _a954.91046 | ||
| 100 | _aSuleri,Sara | ||
| 245 |
_aMeatless Days. _cSara Suleri |
||
| 260 |
_aLahore _bFamous Products. _c2013 |
||
| 300 | _a288p. | ||
| 500 | _aPaper Cover | ||
| 600 | _aSuleri,Sara | ||
| 700 | _aSuleri,Sara | ||
| 942 |
_2ddc _cBK _k954.91046 |
||
| 999 |
_c349794 _d349794 |
||